000 00278nam a22000977a 4500
005 20250901165241.0
008 210226b ||||| |||| 00| 0 eng d
050 _aQC171 .D37
245 _aThe new conceptions of matter
_cDARWIN, C G.
942 _2lcc
_hQC171 .D37 1931
999 _c1015
_d1015